000 00909nam a22002537a 4500
005 20240530110523.0
008 160221s2010 ua a g b 000 0 ara d
017 _a2009/16869
_bمصر . دار الكتب المصرية
020 _a9772327408
040 _aEG-CaGPL
082 0 4 _221
_a370.1072\
_bس أ
100 0 _aسناء محمد سليمان .
245 1 0 _aادوات جمع البيانات فى البحوث النفسية و التربوية /
_cسناء محمد سليمان .
250 _aط1.
260 _aالقاهرة :
_bعالم الكتب ،
_c2010 .
300 _a212 ص ؛
_c24 سم .
504 _aببليوجرافية : ص 204 - 211
650 0 4 _aعلم النفس التربوى .
650 0 4 _aالاستبيان .
650 0 4 _aالبحث العلمى .
650 0 4 _aطرق البحث .
942 _2ddc
_cBK
999 _c61924
_d61924